000
00301 a2200145 4500
001
60248
020
_a
852100057X
040
_c
Anchieta - Pituba
240
1
0
_a
Intérpretes do Brasil
_l
por
245
1
0
_a
Intérpretes do Brasil
300
_a
1383
362
0
_a
2002
650
4
_a
Brasil
942
_c
BK
999
_c
60248
_d
60248